000 00359nam a2200133Ia 4500
008 151001s9999||||xx |||||||||||||| ||und||
100 _aद्वारकानाथ लेले
245 _aगाजलेली चार पलायने
250 _a2
260 _bदिलीपराज
260 _c2013
300 _a48
365 _b21
999 _c1000100
_d1000097